| 000 | 00631nam a2200205Ia 4500 | ||
|---|---|---|---|
| 003 | IN-BaIIA | ||
| 008 | 211028s9999 xx 000 0 eng d | ||
| 040 | _cIIA Library | ||
| 080 |
_a084.4:524.3 _bMOR |
||
| 100 | _aMorgan, W. W | ||
| 245 | 0 |
_aRevised MK spectral atlas for stars earlier than sun _cW.W. Morgan, H. A. Abt, and J.W. Tapscott |
|
| 260 |
_aChicago _bYerkes Observatory _c1978 |
||
| 300 | _a[various pagings.] | ||
| 650 | _aAstronomy and astrophysics thesaurus | ||
| 650 |
_aAtlas - stars _91192 |
||
| 650 |
_aStars - atlas _91194 |
||
| 700 |
_aAbt, H. A. _910387 |
||
| 700 |
_aTapscott, J. W. _915032 |
||
| 942 | _cBK | ||
| 999 |
_c8943 _d8943 |
||